Statistics for Guess The European City - With Pictures

Click here to take the quiz!

General Stats

  • This quiz has been taken 60 times
    (40 since last reset)
  • The average score is 19 of 54

Answer Stats

Answer% Correct
Paris
97%
Rome
97%
Barcelona
94%
London
94%
Moscow
94%
Amsterdam
92%
Venice
81%
Athens
75%
Milan
72%
Berlin
61%
Madrid
56%
Stockholm
53%
Budapest
44%
Copenhagen
44%
Prague
44%
Saint Petersburg
44%
Seville
39%
Lisbon
36%
Liverpool
36%
Frankfurt
31%
Warsaw
31%
Bergen
28%
Brussels
28%
Helsinki
28%
Kiev
28%
Porto
28%
Sofia
28%
Antwerp
25%
Bern
25%
Dublin
25%
Edinburgh
25%
Zürich
25%
Hamburg
22%
Monaco
22%
Oslo
22%
Vienna
22%
Bucharest
19%
Naples
19%
Tallinn
17%
Belgrade
14%
Lyon
14%
Riga
14%
Gothenburg
11%
Strasbourg
11%
Krakow
8%
Minsk
8%
Podgorica
8%
Skopje
8%
Vilnius
8%
Zagreb
8%
Glasgow
6%
Ljubljana
6%
Odessa
6%
Palermo
6%

Score Distribution

Percentile by Number Answered

Percent of People with Each Score

Your Score History

You have not taken this quiz since the last reset